000
00501nam a2200181Ia 4500
008
100917s9999 xx 000 0 und d
082
_b
8732
100
_a
कर्णिक मधुमंगेश
245
_a
माहिमची खाडी
260
_b
---
300
_a
144
365
_b
8.5
520
_a
कादंबरी
630
_a
माहिमची खाडी
650
_a
कादंबरी
730
_a
माहिमची खाडी
942
_c
BOOK
999
_c
614126
_d
614123